Statistics for 麻生読み

Click here to take the quiz!

General Stats

  • This quiz has been taken 57 times
  • The average score is 6 of 13

Answer Stats

用例読み% Correct
神奈川県川崎市"麻生"区あさお
85%
札幌市営地下鉄"麻生"駅あさぶ
73%
秩父鉄道大"麻生"駅あそう
60%
茨城県行方郡"麻生"町あそう
56%
北海道川上郡標茶町"麻生"あざぶ
44%
富山県高岡市下"麻生"あそ
40%
大阪府泉南郡"麻生"郷村あそ
40%
福井県三方郡美浜町"麻生"あそ
38%
大阪府貝塚市"麻生"郷あそう
38%
北海道樺戸郡月形町"麻生"あざぶ
27%
三岐鉄道"麻生"田駅おう
25%
熊本県山鹿市"麻生"野あぞ
19%
和歌山県橋本市胡"麻生"もう
10%

Score Distribution

Percentile by Number Answered

Percent of People with Each Score

Your Score History

You have not taken this quiz